| 000 | 01011cam a22003014a 4500 | ||
|---|---|---|---|
| 999 |
_c7165 _d7165 |
||
| 001 | 16217212 | ||
| 003 | OSt | ||
| 005 | 20211124112427.0 | ||
| 008 | 100504s2008 ne a b 001 0 eng c | ||
| 010 | _a 2010279124 | ||
| 015 |
_aGBA768623 _2bnb |
||
| 016 | 7 |
_a013828849 _2Uk |
|
| 020 | _a9780199216956 | ||
| 035 | _a(OCoLC)ocn166625782 | ||
| 040 |
_aUKM _cDDC _dBAKER _dYDXCP _dBTCTA _dIQU _dVET _dZWZ _dDLC |
||
| 042 | _apcc | ||
| 050 | 0 | 0 |
_aQP531 _b.C75 2008 |
| 082 | 0 | 0 | _a546 WAU 2008 |
| 100 | 1 |
_aWai-Kee, Li; Zhou, Cong-Du; Chung, T. Wai Mak _914747 |
|
| 245 | 1 | 0 | _aAdvanced Structural Inorganic Chemistry |
| 260 |
_aAmsterdam ; _aOxford University Press _c2008. |
||
| 300 |
_axx,819p; _bIll: _c24.5 cm. |
||
| 504 | _aReferences, & index included | ||
| 650 | 0 |
_aInorganic chemistry _9797 |
|
| 906 |
_a7 _bcbc _cpccadap _d2 _encip _f20 _gy-gencatlg |
||
| 942 |
_2ddc _cO_SHELF |
||